Responses for Show #9181 - Monday, October 14, 2024

Modified set with single-screen game board and new Final Jeopardy! monitor.
The category is highlighted upon clue selection.
Ken approaches the individual lecterns for the contestant interviews.

Contestants

[<< previous game]

Caryn Radick, an archivist from Kendall Park, New Jersey

Jack Swansey, a writer originally from Durham, North Carolina

Eamonn Campbell, a lawyer originally from Manchester, Vermont (whose 1-day cash winnings total $13,700)

[next game >>]

Jeopardy! Round responses

BEGINS & ENDS WITH "E"
OCTOBER IN HISTORY
MULTIPLES OF 3
LET'S GO FOR A SPIN
U.S. GEOLOGICAL SURVEY SAYS...
FAMILY FEUD
    $200 28
elope

Eamonn
    $200 23
Marie Antoinette

Eamonn
    $200 29
Route 66

Jack
    $200 14
donut

Jack
    $200 27
a landslide

Eamonn
    $200 30
Succession

Eamonn
    $400 22
Evite

Caryn
    $400 13
Iraq

Jack
    $400 26
24

Jack
    $400 3
figure skating

Eamonn
    $400 10
titanium

Caryn
    $400 15
Arrested Development

Caryn
    $600 1
ensure

Eamonn
    $600 17
the USS Constitution

Jack
    $600 7
57

Eamonn
    $600 4
like a record, baby

Caryn
    $600 9
salmon

Eamonn
    $600 5
Step Brothers

Jack
    $800 2
entourage

Caryn
    $800 18
Alexander the Great

Jack
    $1,000 8
the 15th

Eamonn
    $800 6
a pulsar

Triple Stumper
    $800 20
did you feel it

Jack
    $800 11
Knives Out

Eamonn
    $1000 24
endocrine & exocrine

Triple Stumper
    $1000 21
the Ottoman Empire

Jack
    $1000 25
(Caryn: What is 200?)

12

Caryn
Triple Stumper
    $1000 16
(Eamonn: What is a loom?)
(Jack: What is a wheel?)

a spinning jenny

EamonnJack
Triple Stumper
    $1000 19
wild rice

Triple Stumper
    $1000 12
Dynasty

Caryn

Scores at the first commercial break (after clue 15):

Eamonn Jack Caryn
$4,000 $1,200 $3,200

Scores at the end of the Jeopardy! Round:

Eamonn Jack Caryn
$3,800 $4,000 $2,600

Double Jeopardy! Round responses

ASIAN GEOGRAPHY
THE CHARACTERS THEY BIRTHED
(Ken: You'll name the author.)
CHOOSE A NAME
SIGNS & SIGNALS
WEDDING SONGS
ALLITERATION
    $400 29
(Eamonn: What is India?)

Japan

Eamonn
Triple Stumper
    $400 13
J.K. Rowling

Eamonn
    $400 19
Paul

Jack
    $400 24
(Eamonn: What is a sock?)

a (neck)tie

EamonnJack
    $400 27
Ed Sheeran

Eamonn
    $400 25
tall tales

Caryn
    $800 5
Tibet (the Tibetan Plateau)

Jack
    $800 1
(Ken: It's Gone with the Wind, so it's [*].)

Margaret Mitchell

Triple Stumper
    $800 2
Elizabeth II

Jack
    $800 14
a thumbs-up

Eamonn
    $800 15
"A Thousand Years"

Triple Stumper
    $1,400 17
(Ken: Eamonn?)
(Eamonn: Who is... I don't know.)

Mickey Mouse

Eamonn
    $1200 4
Singapore

Jack
    $1200 10
(Eamonn: Who is [*] [sounded like "Warren"]?)
(Ken: Can you say again?)
(Eamonn: [*] [with glottal stop as some might use in "button"]?)
(Ken: You got it.)

Wharton

Eamonn
    $1200 7
(Ken: It's the chosen name [*], [*] Jenner.)

Caitlyn

Triple Stumper
    $3,000 8
the red lion

Jack
    $1200 16
the "Cha Cha Slide"

Triple Stumper
    $1200 18
odds-on

Triple Stumper
    $1600 3
(Ken: It's a desert country, but Ashgabat is in [*].)

an oasis

Triple Stumper
    $1600 9
(Pearl S.) Buck

Caryn
    $1600 11
Ayn Rand

Eamonn
    $1600 12
a shaka

Eamonn
    $1600 22
"Shout"

Eamonn
    $1600 23
a fond farewell

Eamonn
    $2000 6
Amman, Jordan

Triple Stumper
    $2000 20
Charlotte Brontë

Triple Stumper
    $2000 28
Whitey Bulger

Eamonn
    $2000 21
rollover

Jack
    $2000 30
"Fly Me To The Moon"

Jack
    $2000 26
a course correct(ion)

Eamonn

Scores at the end of the Double Jeopardy! Round:

Eamonn Jack Caryn
$14,800 $14,600 $4,600

[wagering suggestions for these scores]

Final Jeopardy! Round responses

CORPORATE MASCOTS
(Ken: [To Caryn] It is [*], the purple blobby guy from McDonaldland.)
CarynWho is Grimace?
$3,000
JackWho is Sonic?
$14,599
EamonnWho is Grimace
$14,700
Grimace

Final scores:

Eamonn Jack Caryn
$29,500 $1 $7,600
2-day champion: $43,200 3rd place: $2,000 2nd place: $3,000

Game dynamics:

Coryat scores:

Eamonn Jack Caryn
$16,000 $12,800 $4,600
20 R
(including 1 DD),
4 W
(including 1 DD)
17 R
(including 1 DD),
1 W
8 R,
1 W

Combined Coryat: $33,400

[game clues] [game scores] [suggest correction]

Game tape date: 2024-09-16
The J! Archive is created by fans, for fans. Scraping, republication, monetization, and malicious use prohibited; this site may use cookies and collect identifying information. See terms. The Jeopardy! game show and all elements thereof, including but not limited to copyright and trademark thereto, are the property of Jeopardy Productions, Inc. and are protected under law. This website is not affiliated with, sponsored by, or operated by Jeopardy Productions, Inc. Join the discussion at JBoard.tv.